¿Cómo medir la influencia de los grupos de interés? (propuesta desde el pluralismo, el elitismo y el nuevo institucionalismo) /
Uno de los temas que más han preocupado a la ciencia política ha sido la incidencia de los grupos de interés en la actividad gubernamental y legislativa. Este interés parte de la suposición de que el mero quehacer de las instituciones no es suficiente para explicar el origen y desarrollo de los múlt...
Uloženo v:
| Hlavní autor: | |
|---|---|
| Médium: | Text |
| Témata: | |
| Tagy: |
Přidat tag
Žádné tagy, Buďte první, kdo vytvoří štítek k tomuto záznamu!
|
MARC
| LEADER | 00000 a a2200000 04500 | ||
|---|---|---|---|
| 001 | 44851 | ||
| 003 | |||
| 040 | |||
| 100 | |a Medina Iborra, Iván | ||
| 245 | |a ¿Cómo medir la influencia de los grupos de interés? |b (propuesta desde el pluralismo, el elitismo y el nuevo institucionalismo) / |c Iván Medina Iborra | ||
| 520 | |a Uno de los temas que más han preocupado a la ciencia política ha sido la incidencia de los grupos de interés en la actividad gubernamental y legislativa. Este interés parte de la suposición de que el mero quehacer de las instituciones no es suficiente para explicar el origen y desarrollo de los múltiples intereses emanadas de la sociedad. El texto aporta sobre las distintas discusiones teóricas referentes a grupos de interés, el poder, la influencia y los actores sociales. | ||
| 590 | |a RRH/MAYO2013 | ||
| 650 | |a 1.PODER | ||
| 650 | |a 2.GRUPOS DE INTERESES | ||
| 650 | |a 3.ACTORES SOCIALES | ||
| 650 | |a 4 SOCIEDAD | ||
| 650 | |a 5.POLITICA | ||
| 773 | |g número279 ( , 2009), páginas | ||
| 999 | |c 36169 |d 36169 | ||
